[Event "Rated Blitz game"]
[Site "?"]
[Date "2021.03.10"]
[Round "?"]
[White "Izvolite"]
[Black "annaly1979"]
[Result "0-1"]
[WhiteElo "2430"]
[BlackElo "2420"]
[PlyCount "88"]
[EventDate "2021.??.??"]
[EventType "blitz"]

1. e4 e5 2. Nf3 d5 3. exd5 e4 4. Qe2 f5 5. d3 Nf6 6. Nc3 Bb4 7. Bd2 Bxc3 8.
Bxc3 O-O 9. dxe4 Nxe4 10. O-O-O Nxc3 11. bxc3 Qf6 12. Qc4 Kh8 13. Qxc7 Na6 14.
Bxa6 bxa6 15. d6 Be6 16. Rhe1 Rfc8 17. Rxe6 Qxe6 18. Qa5 Rd8 19. Ng5 Qg6 20. f4
h6 21. Nf3 Rxd6 22. Ne5 Rxd1+ 23. Kxd1 Qxg2 24. Nf7+ Kg8 25. Qxf5 Re8 26. Ne5
Qf1+ 27. Kd2 Rd8+ 28. Nd3 Kh8 29. h3 a5 30. Qxa5 Qxf4+ 31. Kd1 Qf1+ 32. Kd2 Re8
33. c4 Qxh3 34. Qxa7 Qc8 35. Qf7 Rf8 36. Qd5 Rd8 37. Qf7 Qc5 38. Kc3 Qa5+ 39.
Kb2 Rb8+ 40. Kc1 Qxa2 41. Nf4 Qa1+ 42. Kd2 Rd8+ 43. Nd5 Qd4+ 44. Kc1 Qxc4 {
Normal} 0-1

[Event "Rated Blitz game"]
[Site "?"]
[Date "2021.03.10"]
[Round "?"]
[White "geordie"]
[Black "windking999"]
[Result "0-1"]
[WhiteElo "2419"]
[BlackElo "2249"]
[PlyCount "52"]
[EventDate "2021.??.??"]
[EventType "blitz"]

1. e4 e5 2. Nf3 d5 3. Nxe5 Bd6 4. Nxf7 Kxf7 5. exd5 Nf6 6. Nc3 Re8+ 7. Be2 Bg4
8. f3 Nh5 9. O-O Bd7 10. d4 Kg8 11. f4 Nf6 12. Bf3 Bf5 13. g4 Be4 14. Nxe4 Nxe4
15. Qd3 Nf6 16. c4 c5 17. dxc6 Nxc6 18. g5 Bc5 19. gxf6 Bxd4+ 20. Kh1 Qxf6 21.
Bd2 Rad8 22. Qc2 Bxb2 23. Rab1 Nd4 24. Qxb2 Nxf3 25. Rxf3 Qxb2 26. Rxb2 Re2 {
Time forfeit} 0-1

[Event "Rated Blitz game"]
[Site "?"]
[Date "2021.03.10"]
[Round "?"]
[White "Nigametzianov_Kirill"]
[Black "annaly1979"]
[Result "1-0"]
[WhiteElo "2435"]
[BlackElo "2425"]
[PlyCount "71"]
[EventDate "2021.??.??"]
[EventType "blitz"]

1. e4 e5 2. Nf3 d5 3. exd5 e4 4. Qe2 f5 5. d3 Nf6 6. Nc3 Bb4 7. dxe4 Bxc3+ 8.
bxc3 fxe4 9. Ng5 O-O 10. c4 h6 11. Nh3 c6 12. Nf4 cxd5 13. cxd5 Bf5 14. Qc4 Kh7
15. Be2 Nbd7 16. O-O Rc8 17. Qd4 Rxc2 18. Qd1 Qc7 19. Be3 Rc8 20. Rc1 Rxc1 21.
Bxc1 Qe5 22. Be3 b6 23. Qa4 a5 24. h3 Nc5 25. Qb5 g5 26. Ne6 Nxe6 27. dxe6 Qxb5
28. Bxb5 Bxe6 29. a4 Nd5 30. Bd4 Rc2 31. Re1 Bf5 32. Be5 Kg6 33. Rd1 Nc3 34.
Rd6+ Kh5 35. Be8+ Kh4 36. Bg3# {Normal} 1-0

[Event "Rated Blitz game"]
[Site "?"]
[Date "2021.03.10"]
[Round "?"]
[White "frasigal"]
[Black "JHoNRo76"]
[Result "1-0"]
[WhiteElo "2404"]
[BlackElo "2333"]
[PlyCount "87"]
[EventDate "2021.??.??"]
[EventType "blitz"]

1. e4 e5 2. Nf3 d5 3. d3 dxe4 4. dxe4 Qxd1+ 5. Kxd1 Nc6 6. c3 Bg4 7. Be3 Nf6 8.
Nbd2 O-O-O 9. Kc2 h6 10. Bc4 Bh5 11. Nh4 Na5 12. Bd3 g5 13. Nf5 Bg6 14. b4 Nc6
15. f3 Bxb4 16. h4 g4 17. Nxh6 gxf3 18. gxf3 Ba5 19. Bg5 Rd6 20. Nc4 Re6 21.
Ng4 Nh5 22. Nce3 f6 23. Bc4 Rd6 24. Bh6 Bb6 25. Nd5 Ng3 26. Rhd1 f5 27. Bg7 Rg8
28. Nxb6+ axb6 29. Bxg8 fxg4 30. Rxd6 cxd6 31. Be6+ Kc7 32. Bxg4 Ne2 33. Bh6
Ng3 34. Be3 Nxe4 35. fxe4 Bxe4+ 36. Kb2 d5 37. h5 d4 38. cxd4 exd4 39. Bf4+ Kd8
40. Re1 Bh7 41. Bg5+ Kc7 42. Be6 Kd6 43. Bf7 d3 44. Bf4+ {Time forfeit} 1-0

[Event "Rated Blitz game"]
[Site "?"]
[Date "2021.03.10"]
[Round "?"]
[White "supertolchok"]
[Black "Jomajo"]
[Result "0-1"]
[WhiteElo "2398"]
[BlackElo "2592"]
[PlyCount "70"]
[EventDate "2021.??.??"]
[EventType "blitz"]

1. e4 e5 2. Nf3 d5 3. exd5 e4 4. Nd4 Qxd5 5. Nb3 Nc6 6. Nc3 Qe5 7. Bb5 Nf6 8.
h3 Bd6 9. Qe2 Bf5 10. Na5 O-O 11. Nxb7 Nd4 12. Qd1 Nxb5 13. Nxb5 Qxb5 14. Nxd6
cxd6 15. Qe2 Qxe2+ 16. Kxe2 Rac8 17. c3 Rfe8 18. b4 Be6 19. a4 Bc4+ 20. Ke3 Bd3
21. b5 Rc4 22. f3 Nd5+ 23. Kf2 exf3 24. Kxf3 Rf4+ 25. Kg3 Re6 26. Rg1 Rg6+ 27.
Kh2 Rf2 28. Ba3 Nf4 29. Rae1 h5 30. Re3 h4 31. a5 Bxb5 32. Re4 Bc6 33. d3 Bxe4
34. dxe4 Rg3 35. Bxd6 Rxh3# {Normal} 0-1

[Event "Rated Blitz game"]
[Site "?"]
[Date "2021.03.10"]
[Round "?"]
[White "Quiveutdufromage"]
[Black "annaly1979"]
[Result "1/2-1/2"]
[WhiteElo "2383"]
[BlackElo "2427"]
[PlyCount "148"]
[EventDate "2021.??.??"]
[EventType "blitz"]

1. e4 e5 2. Nf3 d5 3. d4 dxe4 4. Nxe5 Bd6 5. Nc3 Bxe5 6. dxe5 Qxd1+ 7. Kxd1 Bf5
8. h3 Nc6 9. Bf4 Nge7 10. g4 Bg6 11. Bg2 O-O-O+ 12. Kc1 Nd4 13. Re1 h5 14. Bxe4
hxg4 15. hxg4 Nec6 16. Bxg6 fxg6 17. Bg3 Rhf8 18. a3 Rde8 19. Re3 Nf3 20. e6
Nfd4 21. b4 a6 22. Kb2 Rxe6 23. Rxe6 Nxe6 24. Re1 Ned4 25. Nd5 g5 26. Nxc7 Nf3
27. Re3 Nd2 28. Re2 Nf1 29. Ne6 Re8 30. Nd4 Rxe2 31. Nxe2 Nxg3 32. Nxg3 Ne5 33.
Ne4 Nxg4 34. f3 Ne5 35. Nxg5 Kd7 36. Kc3 Kd6 37. Kd4 Nc6+ 38. Ke4 b5 39. Nh3
Ke6 40. Nf4+ Kf6 41. Nd3 g5 42. Kd5 Ne7+ 43. Kc5 Nf5 44. Kb6 Nd4 45. Kxa6 Nxc2
46. Kxb5 Nxa3+ 47. Kc5 Ke6 48. b5 Kd7 49. b6 Kc8 50. Ne5 Nc2 51. Nf7 Ne1 52.
Nxg5 Kb7 53. Kb5 Nd3 54. Ne6 Ne5 55. f4 Nf7 56. f5 Nd6+ 57. Kc5 Nxf5 58. Kb5
Nd6+ 59. Ka5 Nc4+ 60. Kb5 Nd6+ 61. Ka5 Nc8 62. Kb5 Ne7 63. Nc5+ Kb8 64. Ka6 Nd5
65. Nd7+ Kc8 66. b7+ Kxd7 67. b8=Q Nc7+ 68. Kb7 Ne6 69. Qc8+ Kd6 70. Qc1 Nc5+
71. Kb6 Nd7+ 72. Kb5 Ke6 73. Qc6+ Ke7 74. Qxd7+ Kxd7 {Normal} 1/2-1/2

[Event "Rated Blitz game"]
[Site "?"]
[Date "2021.03.10"]
[Round "?"]
[White "josuevm"]
[Black "pasha1984"]
[Result "1-0"]
[WhiteElo "2380"]
[BlackElo "2461"]
[PlyCount "41"]
[EventDate "2021.??.??"]
[EventType "blitz"]

1. e4 e5 2. Nf3 d5 3. Nxe5 dxe4 4. d4 Bd6 5. Be2 Nf6 6. O-O O-O 7. Bf4 Nbd7 8.
Bg3 Qe7 9. Nc4 Bxg3 10. hxg3 c5 11. d5 Ne5 12. Nxe5 Qxe5 13. Nc3 Rd8 14. Bc4
Bf5 15. Re1 Qd4 16. Qe2 a6 17. Rad1 Qe5 18. a4 Qd6 19. Qe3 h6 20. Qf4 Rac8 21.
Qxf5 {Normal} 1-0

[Event "Rated Blitz game"]
[Site "?"]
[Date "2021.03.10"]
[Round "?"]
[White "tabacochanel"]
[Black "Blind2250"]
[Result "0-1"]
[WhiteElo "2412"]
[BlackElo "2413"]
[PlyCount "64"]
[EventDate "2021.??.??"]
[EventType "blitz"]

1. e4 e5 2. Nf3 d5 3. Nxe5 Bd6 4. d4 dxe4 5. Nc4 Nf6 6. Nc3 O-O 7. Be2 Re8 8.
O-O Nc6 9. Be3 Bf5 10. Qd2 Qd7 11. Rae1 Rad8 12. f3 Bb4 13. d5 Nxd5 14. Qxd5
Qxd5 15. Nxd5 Bxe1 16. Nxc7 Re7 17. Nb5 a6 18. Nbd6 Bg6 19. Bb6 Rxd6 20. Nxd6
exf3 21. Bxf3 Bh4 22. Bc5 Bf6 23. b4 Bd4+ 24. Bxd4 Nxd4 25. Bxb7 Nxc2 26. Rc1
h5 27. Bxa6 Nxb4 28. Bc4 Rd7 29. Rd1 Kh7 30. a4 Bc2 31. Rd2 Bxa4 32. Rd4 g6 {
Time forfeit} 0-1

[Event "Rated Blitz game"]
[Site "?"]
[Date "2021.03.10"]
[Round "?"]
[White "makeareason"]
[Black "annaly1979"]
[Result "1-0"]
[WhiteElo "2471"]
[BlackElo "2428"]
[PlyCount "99"]
[EventDate "2021.??.??"]
[EventType "blitz"]

1. e4 e5 2. Nf3 d5 3. exd5 e4 4. Qe2 f5 5. d3 Nf6 6. dxe4 fxe4 7. Nc3 Bb4 8.
Qb5+ c6 9. Qxb4 exf3 10. Be3 a5 11. Qb3 O-O 12. dxc6+ Kh8 13. cxb7 Bxb7 14.
Qxb7 Nbd7 15. O-O-O Rb8 16. Qxf3 Qc7 17. Nd5 Qb7 18. b3 Ne5 19. Qg3 Nxd5 20.
Qxe5 Nb4 21. Kb2 Rfe8 22. Qc3 a4 23. Bc4 a3+ 24. Ka1 Rec8 25. Rd2 Qxg2 26. Rhd1
Qc6 27. Qxb4 Rxb4 28. Rd8+ Qe8 29. Rxe8+ Rxe8 30. Bc5 Rb7 31. Bxa3 h6 32. Bb2
Rf8 33. Bd4 Rd7 34. Kb2 Rf3 35. a4 Kh7 36. Rd2 Rb7 37. a5 Rf4 38. a6 Rc7 39. a7
Rf8 40. Be5 Rxa7 41. Bd6 Rb8 42. Bxb8 Rb7 43. Bf4 g5 44. Be3 Kg6 45. h4 Kh5 46.
Rd6 Kxh4 47. Rxh6+ Kg4 48. Rg6 Kf3 49. Rxg5 Rxb3+ 50. Bxb3 {Time forfeit} 1-0

[Event "Rated Blitz game"]
[Site "?"]
[Date "2021.03.09"]
[Round "?"]
[White "Fairy_ChessPlayer"]
[Black "GrandeGila"]
[Result "0-1"]
[WhiteElo "2284"]
[BlackElo "2433"]
[PlyCount "60"]
[EventDate "2021.??.??"]
[EventType "blitz"]

1. e4 e5 2. Nf3 d5 3. exd5 e4 4. Qe2 Nf6 5. d3 Qxd5 6. Nbd2 Be7 7. dxe4 Qc6 8.
Qb5 O-O 9. Qxc6 Nxc6 10. c3 a5 11. Bc4 a4 12. a3 Be6 13. Bxe6 fxe6 14. O-O Bc5
15. Re1 Ng4 16. Re2 Rad8 17. h3 Nge5 18. Nxe5 Nxe5 19. Kf1 h5 20. f3 Rd7 21.
Ke1 Rfd8 22. h4 b5 23. g3 Nxf3+ 24. Kd1 Rd3 25. Kc2 Ne5 26. Nf1 Rd1 27. Rd2
R8xd2+ 28. Nxd2 Rg1 29. b4 Bb6 30. Nb3 Rxg3 {Normal} 0-1

[Event "Rated Blitz game"]
[Site "?"]
[Date "2021.03.09"]
[Round "?"]
[White "josuevm"]
[Black "Gifroy"]
[Result "1-0"]
[WhiteElo "2389"]
[BlackElo "2412"]
[PlyCount "79"]
[EventDate "2021.??.??"]
[EventType "blitz"]

1. e4 e5 2. Nf3 d5 3. Nxe5 Bd6 4. d4 dxe4 5. Be2 Bxe5 6. dxe5 Qxd1+ 7. Bxd1 Nc6
8. Bf4 Nge7 9. Nc3 Bf5 10. e6 Bxe6 11. Bxc7 f5 12. O-O O-O 13. f3 e3 14. Bf4
Nd5 15. Nxd5 Bxd5 16. Bxe3 f4 17. Bc5 Rfe8 18. c3 Bc4 19. Bb3 Bxb3 20. axb3 Re2
21. Rf2 Re5 22. b4 a6 23. Rd1 Rd8 24. Rxd8+ Nxd8 25. Kf1 Ne6 26. Bb6 Rd5 27.
Ke1 Kf7 28. Rd2 Rg5 29. Kf2 Ke7 30. g4 fxg3+ 31. hxg3 Rf5 32. Be3 h5 33. Kg2 g5
34. c4 g4 35. f4 Rf8 36. b3 Rc8 37. Rd5 Rh8 38. f5 Nc7 39. Bg5+ Kf7 40. Rd7+ {
Normal} 1-0

[Event "Rated Blitz game"]
[Site "?"]
[Date "2021.03.09"]
[Round "?"]
[White "Licenciadomate"]
[Black "sierra92"]
[Result "1/2-1/2"]
[WhiteElo "2401"]
[BlackElo "2443"]
[PlyCount "54"]
[EventDate "2021.??.??"]
[EventType "blitz"]

1. e4 e5 2. Nf3 d5 3. Nxe5 Bd6 4. d4 dxe4 5. Be2 Bxe5 6. dxe5 Qxd1+ 7. Bxd1 Nc6
8. Nc3 Bf5 9. Bf4 Nge7 10. g4 Bg6 11. e6 O-O-O 12. exf7 Rhf8 13. h4 Rxf7 14.
Be3 h6 15. a3 Nd5 16. Nxd5 Rxd5 17. Be2 Ne5 18. Rd1 Rxd1+ 19. Kxd1 Nf3 20. Kc1
a6 21. h5 Bh7 22. Rd1 Rd7 23. Rxd7 Kxd7 24. Bxf3 exf3 25. Bd4 g6 26. hxg6 Bxg6
27. Bg7 h5 {Normal} 1/2-1/2

[Event "Rated Blitz game"]
[Site "?"]
[Date "2021.03.09"]
[Round "?"]
[White "malcriado007"]
[Black "CristianS27"]
[Result "1-0"]
[WhiteElo "2457"]
[BlackElo "2427"]
[PlyCount "51"]
[EventDate "2021.??.??"]
[EventType "blitz"]

1. e4 e5 2. Nf3 d5 3. Nxe5 dxe4 4. d4 Nd7 5. Qe2 Nxe5 6. Qxe4 Nf6 7. Qxe5+ Be7
8. Bc4 O-O 9. O-O Re8 10. Nc3 Ng4 11. Qf4 Bd6 12. Qxf7+ Kh8 13. h3 Rf8 14. Qh5
Nf6 15. Qh4 a6 16. Bg5 b5 17. Bd3 h6 18. Bxh6 gxh6 19. Qxh6+ Kg8 20. Qg6+ Kh8
21. Nd5 Bh2+ 22. Kxh2 Qxd5 23. Rae1 Bb7 24. Re7 Qd6+ 25. Re5 Qxd4 26. Rh5+ {
Normal} 1-0

[Event "Rated Blitz game"]
[Site "?"]
[Date "2021.03.09"]
[Round "?"]
[White "ragabove"]
[Black "Norealtrainingplayer"]
[Result "0-1"]
[WhiteElo "2417"]
[BlackElo "2453"]
[PlyCount "72"]
[EventDate "2021.??.??"]
[EventType "blitz"]

1. e4 e5 2. Nf3 d5 3. exd5 e4 4. Qe2 Nf6 5. d3 Qxd5 6. Nc3 Bb4 7. Bd2 Bxc3 8.
Bxc3 O-O 9. Bxf6 exf3 10. Qe5 Qd7 11. Bxg7 Re8 12. O-O-O Rxe5 13. Bxe5 Nc6 14.
Bc3 a5 15. gxf3 Kf8 16. Re1 Nb4 17. Kb1 Qf5 18. Rg1 Be6 19. a3 c5 20. Be5 Nxc2
21. Kxc2 f6 22. Bc3 a4 23. Rg3 Re8 24. Bh3 Bb3+ 25. Kd2 Qf4+ 26. Re3 c4 27. d4
h5 28. Ke2 h4 29. Rg2 Rxe3+ 30. fxe3 Bd1+ 31. Ke1 Qxf3 32. Bb4+ Kf7 33. Rf2
Qh1+ 34. Kd2 Bb3 35. Bg2 Qd1+ 36. Kc3 Qd3# {Normal} 0-1

[Event "Rated Blitz tournament dV8yWFGM"]
[Site "?"]
[Date "2021.03.09"]
[Round "?"]
[White "madnesshasarrived"]
[Black "olarovfan"]
[Result "1-0"]
[WhiteElo "2403"]
[BlackElo "2546"]
[PlyCount "81"]
[EventDate "2021.??.??"]
[EventType "blitz"]

1. e4 e5 2. Nf3 d5 3. Nxe5 Bd6 4. d4 dxe4 5. Bc4 Bxe5 6. Qh5 Qe7 7. dxe5 Be6 8.
Bxe6 Qxe6 9. O-O Nc6 10. Nc3 Qxe5 11. Qxe5+ Nxe5 12. Bf4 Ng6 13. Bxc7 Nf6 14.
Rfe1 O-O 15. Nxe4 Nxe4 16. Rxe4 Rac8 17. Rc4 Rfe8 18. Rc3 f6 19. Rd1 Kf7 20.
Rd7+ Re7 21. Rxe7+ Nxe7 22. Ba5 Re8 23. Rc7 b6 24. Bb4 a5 25. Bxe7 Rxe7 26.
Rxe7+ Kxe7 27. Kf1 Kd6 28. Ke2 Kc5 29. Kd3 Kb4 30. c3+ Ka4 31. Kc4 b5+ 32. Kc5
b4 33. c4 b3 34. a3 f5 35. Kb6 f4 36. c5 g5 37. c6 f3 38. g3 h5 39. c7 h4 40.
c8=Q hxg3 41. Qc4# {Normal} 1-0

[Event "Rated Blitz game"]
[Site "?"]
[Date "2021.03.09"]
[Round "?"]
[White "Slimnico1"]
[Black "Jenlen3001"]
[Result "1/2-1/2"]
[WhiteElo "2504"]
[BlackElo "2565"]
[PlyCount "169"]
[EventDate "2021.??.??"]
[EventType "blitz"]

1. e4 e5 2. Nf3 d5 3. exd5 e4 4. Ne5 Qxd5 5. d4 exd3 6. Nxd3 Nf6 7. Nc3 Qf5 8.
Be2 Bd6 9. h3 Nc6 10. Be3 a5 11. a4 O-O 12. Nb5 Be6 13. Nxd6 cxd6 14. Qd2 Qg6
15. Bf3 Ne5 16. Bxb7 Nc4 17. Qe2 Rab8 18. Nf4 Qf5 19. Bf3 Nxe3 20. fxe3 Rxb2
21. O-O Rxc2 22. Qb5 Qxb5 23. axb5 Bc4 24. Rfd1 Bxb5 25. Rxa5 Bc4 26. Rxd6 Re8
27. Nd5 Nxd5 28. Bxd5 Bxd5 29. Raxd5 g6 30. Rd8 Rxd8 31. Rxd8+ Kg7 32. Rd3 h5
33. Kh2 h4 34. Rd4 g5 35. Rd5 Kf6 36. e4 Re2 37. Rf5+ Kg6 38. Re5 f6 39. Re7
Kh6 40. Rf7 Kg6 41. Re7 Re1 42. Re8 Kf7 43. Rb8 Rxe4 44. Rb7+ Kg6 45. Kg1 Kf5
46. Kf2 Ra4 47. Rb5+ Kf4 48. Rb3 f5 49. Rf3+ Ke4 50. Re3+ Kd4 51. Rf3 Ra2+ 52.
Kg1 Ke4 53. Rb3 Rd2 54. Rb4+ Rd4 55. Rb1 Kf4 56. Rf1+ Ke4 57. Re1+ Kf4 58. Rf1+
Ke5 59. Re1+ Re4 60. Ra1 Re2 61. Ra5+ Kf4 62. Ra4+ Re4 63. Ra1 g4 64. Rf1+ Kg3
65. hxg4 fxg4 66. Ra1 Re3 67. Rd1 Ra3 68. Re1 Rd3 69. Rf1 Rd2 70. Kh1 h3 71.
gxh3 Rh2+ 72. Kg1 Rg2+ 73. Kh1 Kxh3 74. Rf8 Ra2 75. Rf1 g3 76. Kg1 Rh2 77. Rf8
Rg2+ 78. Kf1 Rh2 79. Rh8+ Kg4 80. Rg8+ Kf3 81. Rf8+ Kg4 82. Rg8+ Kf3 83. Rf8+
Ke3 84. Re8+ Kf3 85. Rf8+ {Normal} 1/2-1/2

[Event "Rated Blitz game"]
[Site "?"]
[Date "2021.03.09"]
[Round "?"]
[White "Lantori"]
[Black "Roberto_Baggio1978"]
[Result "0-1"]
[WhiteElo "2481"]
[BlackElo "2503"]
[PlyCount "92"]
[EventDate "2021.??.??"]
[EventType "blitz"]

1. e4 e5 2. Nf3 d5 3. exd5 e4 4. Qe2 Nf6 5. d3 Qxd5 6. Nbd2 Nc6 7. dxe4 Qh5 8.
Qb5 Bc5 9. Nb3 Nxe4 10. Nxc5 Qxc5 11. Qxc5 Nxc5 12. Bb5 Bd7 13. O-O O-O-O 14.
Be3 Ne6 15. a4 Nb4 16. Bxd7+ Rxd7 17. Rfc1 Nd5 18. Ne5 Re7 19. Bxa7 Nef4 20.
Re1 Rhe8 21. Bd4 c5 22. g3 Nh3+ 23. Kg2 cxd4 24. Nf3 Rxe1 25. Rxe1 Rxe1 26.
Nxe1 Ng5 27. h4 Ne6 28. Nd3 Kc7 29. Kf3 f6 30. Ke4 Kd6 31. f4 Nc5+ 32. Kxd4
Nxa4 33. c4 Ne7 34. c5+ Ke6 35. Kc4 Nf5 36. g4 Nxh4 37. f5+ Kd7 38. Kb5 Nxb2
39. Nxb2 Kc7 40. Nc4 Nf3 41. Ne3 Ne5 42. Nd5+ Kb8 43. Ne3 Ka7 44. Nd5 Nxg4 45.
Nb6 h5 46. Nc8+ Kb8 {Time forfeit} 0-1

[Event "Rated Blitz tournament bAIuOpWO"]
[Site "?"]
[Date "2021.03.09"]
[Round "?"]
[White "ivana1234"]
[Black "cuerosky"]
[Result "1-0"]
[WhiteElo "2524"]
[BlackElo "2228"]
[PlyCount "141"]
[EventDate "2021.??.??"]
[EventType "blitz"]

1. e4 e5 2. Nf3 d5 3. exd5 e4 4. Qe2 Nf6 5. d3 Bb4+ 6. c3 O-O 7. dxe4 Bd6 8. e5
Re8 9. Be3 Bxe5 10. Nxe5 Rxe5 11. c4 Qe8 12. Nc3 c6 13. h3 cxd5 14. cxd5 Nxd5
15. Nxd5 Rxd5 16. Bf4 Qxe2+ 17. Bxe2 Nc6 18. O-O Be6 19. Rfd1 Rad8 20. Rxd5
Rxd5 21. Be3 h6 22. a3 a6 23. Rd1 Rxd1+ 24. Bxd1 Ne5 25. Be2 b5 26. f4 Nc4 27.
Bd4 f6 28. Kf2 Bd5 29. g4 Kf7 30. Bd3 g5 31. Kg3 Ke6 32. h4 Ne5 33. fxe5 fxe5
34. Bf5+ Kf6 35. Be3 gxh4+ 36. Kxh4 Kg7 37. g5 hxg5+ 38. Kxg5 a5 39. Bg6 b4 40.
axb4 axb4 41. Bc5 b3 42. Bd6 e4 43. Be5+ Kf8 44. Bd4 Ke7 45. Kf4 Kd6 46. Bxe4
Bf7 47. Ke3 Bc4 48. Kd2 Bf7 49. Kc3 Be6 50. Bd3 Kc6 51. Bc4 Bf5 52. Bxb3 Kb5
53. Bc4+ Ka5 54. b4+ Ka4 55. b5 Bd7 56. b6 Bc6 57. Bc5 Bb7 58. Be6 Kb5 59. Kd4
Ka6 60. Bc4+ Ka5 61. Ke5 Ka4 62. Kd6 Ka5 63. Kc7 Be4 64. Be6 Kb5 65. Bg1 Bg2
66. Bd7+ Ka6 67. Bc6 Bh3 68. b7 Bc8 69. b8=Q Bb7 70. Qxb7+ Ka5 71. Qb5# {Normal
} 1-0

[Event "Rated Blitz game"]
[Site "?"]
[Date "2021.03.09"]
[Round "?"]
[White "ChessHobbits99"]
[Black "elchechereche"]
[Result "1-0"]
[WhiteElo "2578"]
[BlackElo "2494"]
[PlyCount "27"]
[EventDate "2021.??.??"]
[EventType "blitz"]

1. e4 e5 2. Nf3 d5 3. Nxe5 dxe4 4. d4 Qd5 5. Bc4 Qxc4 6. Nxc4 Ke7 7. O-O f5 8.
Re1 e3 9. Bxe3 c6 10. Qf3 c5 11. dxc5 Ke6 12. Bg5+ Kd7 13. Qd5+ Kc7 14. Bd8# {
Normal} 1-0

[Event "Rated Blitz game"]
[Site "?"]
[Date "2021.03.09"]
[Round "?"]
[White "ComplianceWithLaw"]
[Black "Jenlen3001"]
[Result "1-0"]
[WhiteElo "2654"]
[BlackElo "2594"]
[PlyCount "41"]
[EventDate "2021.??.??"]
[EventType "blitz"]

1. e4 e5 2. Nf3 d5 3. Nxe5 Bd6 4. d4 dxe4 5. Bc4 Bxe5 6. Qh5 Qe7 7. Qxe5 Qxe5
8. dxe5 Nc6 9. Bf4 Nge7 10. Nc3 Ng6 11. Bg3 Ngxe5 12. Bd5 Bf5 13. O-O-O O-O-O
14. Rhe1 Rhe8 15. Nxe4 Be6 16. Bxe6+ Rxe6 17. Rxd8+ Kxd8 18. Nc5 Re7 19. Nxb7+
Kc8 20. Nc5 Nb4 21. Rxe5 {Normal} 1-0

[Event "Rated Blitz game"]
[Site "?"]
[Date "2021.03.09"]
[Round "?"]
[White "Arkadag2020"]
[Black "CristianS27"]
[Result "1-0"]
[WhiteElo "2448"]
[BlackElo "2432"]
[PlyCount "55"]
[EventDate "2021.??.??"]
[EventType "blitz"]

1. e4 e5 2. Nf3 d5 3. d4 dxe4 4. Nxe5 Nd7 5. Nxd7 Bxd7 6. Be3 Bd6 7. Bc4 Qh4 8.
Nd2 Nf6 9. c3 Ng4 10. Nf1 Nxe3 11. Nxe3 f5 12. g3 Qh3 13. Qb3 O-O-O 14. O-O-O
f4 15. gxf4 Bxf4 16. Rhe1 Qxh2 17. Qc2 Rhf8 18. Kb1 Bxe3 19. fxe3 Rf2 20. Qb3
Rdf8 21. a4 R8f6 22. Rh1 Qg2 23. Rxh7 Rb6 24. Rh8+ Be8 25. Rxe8+ Kd7 26. Bb5+
c6 27. Qe6+ Kc7 28. Rc8# {Normal} 1-0

[Event "Rated Blitz game"]
[Site "?"]
[Date "2021.03.09"]
[Round "?"]
[White "Uyabro"]
[Black "KamranShirazi"]
[Result "1-0"]
[WhiteElo "2486"]
[BlackElo "2492"]
[PlyCount "91"]
[EventDate "2021.??.??"]
[EventType "blitz"]

1. e4 e5 2. Nf3 d5 3. exd5 e4 4. Qe2 f5 5. d3 Nf6 6. dxe4 fxe4 7. Nc3 Bb4 8.
Bd2 O-O 9. Nd4 Bxc3 10. Bxc3 Nxd5 11. Qc4 Kh8 12. O-O-O Nxc3 13. Qxc3 Rxf2 14.
Ne6 Qxd1+ 15. Kxd1 Bxe6 16. Qxc7 Nd7 17. Ke1 Raf8 18. Qxb7 Rxc2 19. Qxe4 Bf5
20. Qe7 Rxb2 21. Be2 Rb1+ 22. Bd1 Bg4 23. Kd2 Bxd1 24. Rxd1 Rbb8 25. Rc1 Rbe8
26. Qh4 Ne5 27. Re1 Rd8+ 28. Kc2 Ng6 29. Qg3 Rb8 30. Re3 Rb6 31. Rb3 Ra6 32.
Kb2 h6 33. Rb8 Rxb8+ 34. Qxb8+ Kh7 35. Kc3 Rc6+ 36. Kd4 Ra6 37. Qb1 Rd6+ 38.
Kc5 Rb6 39. Qe4 Ra6 40. h4 Ra5+ 41. Kb4 Rh5 42. g3 a5+ 43. Ka4 Re5 44. Qd3 h5
45. Kb3 Kh6 46. Qd2+ {Time forfeit} 1-0

[Event "Rated Blitz game"]
[Site "?"]
[Date "2021.03.09"]
[Round "?"]
[White "limosity"]
[Black "CristianS27"]
[Result "1/2-1/2"]
[WhiteElo "2390"]
[BlackElo "2400"]
[PlyCount "78"]
[EventDate "2021.??.??"]
[EventType "blitz"]

1. e4 e5 2. Nf3 d5 3. exd5 e4 4. Qe2 Nf6 5. Nc3 Be7 6. Nxe4 O-O 7. d3 Nxd5 8.
c4 Nf6 9. Bg5 Nc6 10. O-O-O Bg4 11. h3 Nd4 12. Qe3 Bxf3 13. gxf3 c5 14. h4 Re8
15. Rg1 Kh8 16. Bh3 Qa5 17. Kb1 b5 18. Qd2 Qxd2 19. Nxd2 bxc4 20. dxc4 Nh5 21.
Bg4 Bxg5 22. hxg5 Nf4 23. Ne4 Rab8 24. Nxc5 Re2 25. b3 Rxf2 26. Rxd4 Re8 27.
Rgd1 h5 28. Bf5 g6 29. Be4 Ne2 30. R4d3 h4 31. Nd7 h3 32. Nf6 Rb8 33. Rd8+ Kg7
34. Rxb8 Nc3+ 35. Kc1 Nxa2+ 36. Kb1 Nc3+ 37. Kc1 Na2+ 38. Kb1 Nc3+ 39. Kc1 Na2+
{Normal} 1/2-1/2

[Event "Rated Blitz game"]
[Site "?"]
[Date "2021.03.09"]
[Round "?"]
[White "MARKOV75"]
[Black "guicar16"]
[Result "1-0"]
[WhiteElo "2285"]
[BlackElo "2417"]
[PlyCount "95"]
[EventDate "2021.??.??"]
[EventType "blitz"]

1. e4 e5 2. Nf3 d5 3. Nxe5 Bd6 4. d4 dxe4 5. Nc3 Bxe5 6. dxe5 Qxd1+ 7. Nxd1 Nc6
8. Bb5 Bd7 9. Bxc6 Bxc6 10. Ne3 Ne7 11. b3 O-O-O 12. Bb2 Rhe8 13. a4 Ng6 14.
Nc4 Bd5 15. Ne3 Nxe5 16. Rd1 Bc6 17. Rxd8+ Kxd8 18. Ke2 f6 19. Rd1+ Kc8 20. Nf5
Bd7 21. Ne3 h5 22. h3 Ng6 23. Bd4 b6 24. a5 Nf4+ 25. Kf1 c5 26. Bc3 Be6 27.
axb6 axb6 28. Ra1 Kb7 29. Nc4 Bxc4+ 30. bxc4 Rd8 31. g3 Nxh3 32. Ke2 Ng5 33.
Rb1 Rd6 34. Ke3 g6 35. Bb2 f5 36. Be5 Re6 37. Bf4 Nf7 38. Rd1 Re7 39. Rd5 Kc6
40. Bb8 Ne5 41. Bxe5 b5 42. Rd6+ Kb7 43. Bf6 Rf7 44. cxb5 Kc7 45. Rc6+ Kb7 46.
Be5 Re7 47. Bf4 Rd7 48. Rd6 {Normal} 1-0

[Event "Rated Blitz game"]
[Site "?"]
[Date "2021.03.09"]
[Round "?"]
[White "musashino"]
[Black "Roberto_Baggio1978"]
[Result "0-1"]
[WhiteElo "2430"]
[BlackElo "2499"]
[PlyCount "92"]
[EventDate "2021.??.??"]
[EventType "blitz"]

1. e4 e5 2. Nf3 d5 3. exd5 e4 4. Qe2 Nf6 5. Nc3 Be7 6. Ne5 O-O 7. Qc4 c6 8.
dxc6 Be6 9. Qb5 Nxc6 10. Nxc6 bxc6 11. Qxc6 Rc8 12. Qa6 Bc5 13. Be2 Bg4 14. O-O
Qd4 15. d3 Rfe8 16. Be3 Qe5 17. Bxc5 Rxc5 18. Rae1 Qh5 19. dxe4 Rg5 20. f4 Ra5
21. Qc6 Qh4 22. Bxg4 Qxg4 23. e5 Nd7 24. h3 Qf5 25. Rd1 Qxc2 26. Qxd7 Rf8 27.
Rd2 Qg6 28. f5 Qb6+ 29. Kh1 Rxe5 30. Nd5 Qa5 31. Rff2 Re1+ 32. Kh2 Qxa2 33. f6
Qb1 34. Ne7+ Kh8 35. fxg7+ Kxg7 36. Nf5+ Kh8 37. Qd4+ f6 38. Qg4 Rh1+ 39. Kg3
Rg8 40. Ng7 Qe1 41. Rde2 Qa5 42. Re7 Re1 43. Rxe1 Qxe1 44. Kf3 Rxg7 45. Qc8+
Rg8 46. Qf5 Qd1+ {Time forfeit} 0-1

[Event "Rated Blitz game"]
[Site "?"]
[Date "2021.03.09"]
[Round "?"]
[White "peoncito19"]
[Black "Pepiton61"]
[Result "1-0"]
[WhiteElo "2486"]
[BlackElo "2203"]
[PlyCount "89"]
[EventDate "2021.??.??"]
[EventType "blitz"]

1. e4 e5 2. Nf3 d5 3. d4 dxe4 4. Nxe5 Bd6 5. Nc4 Nc6 6. c3 Nf6 7. Nxd6+ Qxd6 8.
Be2 O-O 9. Nd2 Re8 10. Nf1 h6 11. Ne3 Bd7 12. O-O Rad8 13. a4 a6 14. a5 Qe7 15.
c4 Bc8 16. d5 Ne5 17. b3 c5 18. Bb2 Qd6 19. Rc1 h5 20. Bxh5 Nd3 21. Bxf6 Qxf6
22. Rc2 Qg5 23. Kh1 Rd6 24. Be2 Nf4 25. Bg4 Rg6 26. Bxc8 Rxc8 27. f3 Re8 28.
Rcf2 Nd3 29. Re2 Nf4 30. Ref2 Nd3 31. Re2 exf3 32. Rxf3 Nf4 33. Ref2 Rxe3 34.
Rxe3 Nxg2 35. Rg3 Ne3 36. Qf3 Ng4 37. Qxf7+ Kh7 38. Qf4 Nxf2+ 39. Qxf2 Qc1+ 40.
Kg2 Rf6 41. Rf3 Rg6+ 42. Rg3 Rf6 43. Qe2 Qf4 44. Rh3+ Kg6 45. Qh5# {Normal} 1-0